International costs (Record no. 83329)

MARC details
000 -LEADER
fixed length control field 00824cab a22002055a 4500
001 - CONTROL NUMBER
control field L153590
008 - FIXED-LENGTH DATA ELEMENTS--GENERAL INFORMATION
fixed length control field 110808e20110805xxk f 000 0 eng d
035 ## - SYSTEM CONTROL NUMBER
System control number (Sirsi) u153590
041 0# - LANGUAGE CODE
Language code of text/sound track or separate title eng
100 1# - MAIN ENTRY--PERSONAL NAME
Personal name Moore, Paul
245 00 - TITLE STATEMENT
Title International costs
Remainder of title things may be tough in the UK economy and construction industry, but how do we compare to other countries?
260 ## - PUBLICATION, DISTRIBUTION, ETC.
Date of publication, distribution, etc. 2011
490 ## - SERIES STATEMENT
Series statement Building
Volume/sequential designation 276 (8690) 5 August 2011, 48-53(6)
520 ## - SUMMARY, ETC.
Summary, etc. Commentary looks at the problem of comparing prices across countries, commodity prices, Europe, North America, Middle East and Asia Pacific; table of worldwide economic growth 2011-12; table of international cost comparison.
590 ## - LOCAL NOTE (RLIN)
Local note KA
651 #4 - SUBJECT ADDED ENTRY--GEOGRAPHIC NAME
Geographic name International
690 ## - LOCAL SUBJECT ADDED ENTRY--TOPICAL TERM (OCLC, RLIN)
Topical term or geographic name as entry element BUILT ENVIRONMENT-BUILDING COSTS
710 ## - ADDED ENTRY--CORPORATE NAME
Corporate name or jurisdiction name as entry element EC Harris
9 (RLIN) 4930
942 ## - ADDED ENTRY ELEMENTS (KOHA)
Suppress in OPAC 0
Holdings
Withdrawn status Lost status Source of classification or shelving scheme Damaged status Not for loan Home library Current library Shelving location Date acquired Total Checkouts Full call number Barcode Date last seen Copy number Price effective from Koha item type
    Dewey Decimal Classification     London London Journal article 08/08/2011   L153590 153590-1001 06/08/2019 1 06/08/2019 Journal article